Statistiques concernant pays etant occupées ou colonisées par le royaume-uni

Cliquez ici pour prendre le quiz!

Statistiques générales

  • Ce quiz a été pris 157 fois
    (145 depuis la dernière actualisation)
  • Le résultat moyen est 48 sur 69

Statistiques - réponses

ContinentPays% Correct
AmériqueCanada
98%
OcéanieAustralie
93%
AmériqueEtats-Unis
93%
AsieInde
93%
OcéanieNouvelle-Zélande
91%
AsiePakistan
89%
AfriqueAfrique du Sud
88%
AfriqueEgypte
85%
EuropeIrlande
85%
AfriqueKenya
85%
AfriqueSoudan
83%
Europe/AsieChypre
82%
AfriqueTanzanie
82%
AsieIrak
81%
AfriqueLesotho
80%
EuropeMalte
79%
AsieJordanie
78%
AsieMalaisie
78%
AfriqueNigeria
78%
OcéanieTonga
78%
AsieBirmanie
77%
AmériqueJamaïque
77%
AmériqueBelize
76%
OcéanieFidji
76%
AfriqueZimbabwe
76%
AsieBangladesh
75%
AfriqueSomalie
75%
AfriqueZambie
75%
AmériqueBarbade
74%
AsieIsrael
74%
AfriqueNamibie
74%
AmériqueSainte-Lucie
74%
AmériqueBahamas
73%
AsieChine
73%
AsieYémen
73%
AfriqueGhana
71%
AsieOman
71%
AsieSri Lanka
71%
AfriqueSwaziland
69%
EuropeGrèce
68%
AfriqueOuganda
68%
AfriqueSeychelles
68%
AfriqueBotswana
67%
AmériqueGrenade
67%
AsieQatar
67%
EuropeEspagne
66%
AmériqueGuyana
66%
OcéanieNauru
66%
AsieBrunei
65%
AmériqueDominique
65%
AfriqueGambie
63%
AsieMaldives
63%
AfriqueSierra Leone
62%
EuropeAllemagne
61%
AsieKoweit
61%
AsieSingapour
61%
AsieBahrein
60%
AfriqueMaurice
60%
AfriqueMalawi
58%
OcéaniePapouasie Nouvelle-Guinée
58%
AmériqueAntigua-Et-Barbuda
55%
AfriqueCameroun
53%
AsieEmirats Arabes Unis
48%
AmériqueTrinité-Et-Tobago
46%
AmériqueSaint-Christophe-Et-Niévès
43%
AmériqueSaint-Vincent-Et-Les-Grenadines
43%
AmériqueNicaragua
35%
AsiePalestine
24%
OcéanieIles Salomon
23%

Distribution des résultats

Percentile par nombre de réponses

% des personnes avec chaque résultat

Votre développement - résultats

Vous n’avez pas pris ce quiz depuis la dernière actualisation